| 000 | 01726cam a2200433 a 4500 | ||
|---|---|---|---|
| 001 | 17556964 | ||
| 005 | 20170105102922.0 | ||
| 007 | ta | ||
| 008 | 120523s2012 ii b 100 0 eng d | ||
| 010 | _a 2012353711 | ||
| 016 | 7 |
_a016108469 _2Uk |
|
| 020 | _z9789381017135 | ||
| 025 | _aI-E-2012-353711;88-92; 70-92 | ||
| 035 | _a(OCoLC)ocn794639825 | ||
| 035 | _a(OCoLC)794639825 | ||
| 037 | _aLibrary of Congress -- New Delhi Overseas Office | ||
| 040 |
_aDKAGE _beng _cDKAGE _dUKMGB _dOCLCO _dDLC |
||
| 042 |
_alccopycat _alcode |
||
| 043 | _aa-ii--- | ||
| 050 | 0 | 0 |
_aHV6250.4.W65 _bF42 2012 |
| 082 | 0 | 4 |
_a362.8808 _223 |
| 245 | 0 | 4 |
_aThe fear that stalks : _bgender-based violence in public spaces / _cedited by Sara Pilot and Lora Prabhu. |
| 260 |
_aNew Delhi : _bZubaan, _c2012. |
||
| 300 |
_ax, 337 p. ; _c23 cm. |
||
| 500 | _a"Published in collaboration with UNDP and CEQUIN"--P. facing t.p. | ||
| 504 | _aIncludes bibliographical references. | ||
| 520 | _aPapers presented at a two-day conference on Gender-based violence in public spaces : challenges and solutions, held at New Delhi in October 2010 moderated by CEQUIN. | ||
| 650 | 0 |
_aWomen _xViolence against _zIndia _vCongresses. |
|
| 650 | 0 |
_aWomen _xLegal status, laws, etc. _zIndia _vCongresses. |
|
| 650 | 0 |
_aFamily violence _zIndia _vCongresses. |
|
| 650 | 0 |
_aPublic spaces _zIndia _xSocial conditions _vCongresses. |
|
| 700 | 1 | _aPilot, Sara. | |
| 700 | 1 | _aPrabhu, Lora. | |
| 710 | 2 | _aCentre for Equity and Inclusion (New Delhi, India) | |
| 856 | 4 | 1 |
_3Table of contents only _uhttp://www.loc.gov/catdir/toc/fy13pdf04/2012353711.html |
| 906 |
_a7 _bcbc _ccopycat _d3 _encip _f20 _gy-gencatlg |
||
| 942 |
_2ddc _cBK |
||
| 999 |
_c15611 _d15611 |
||